Statistics for Countries, US States and Capitals on the World Map by 3 Common Letters

Click here to take the quiz!

General Stats

  • This quiz has been taken 3,709 times
  • The average score is 360 of 495

Answers on the Map

Answers color-coded by a green-red scale on the quiz's map according to % correct below.
 

Answer Stats

Answer% Correct
New Mexico
97%
New Zealand
97%
Australia
96%
Brasilia
96%
Brazil
96%
Canada
96%
Central African
Republic
96%
China
96%
Chisinau
96%
Dominican Republic
96%
Guatemala
96%
Guatemala City
96%
Indiana
96%
Indianapolis
96%
Malaysia
96%
Mongolia
96%
Montana
96%
North Carolina
96%
Russia
96%
Solomon Islands
96%
South Carolina
96%
South Sudan
96%
United Arab Emirates
96%
Andorra la Vella
95%
Austria
95%
Belarus
95%
Brazzaville
95%
India
95%
Indonesia
95%
Malabo
95%
Malawi
95%
Mexico
95%
Mexico City
95%
Michigan
95%
North Dakota
95%
North Korea
95%
Norway
95%
Saint Kitts and Nevis
95%
Saint Vincent and the
Grenadines
95%
South Africa
95%
South Korea
95%
United Kingdom
95%
Algeria
94%
Antananarivo
94%
Bratislava
94%
Chile
94%
Ireland
94%
Jerusalem
94%
Marshall Islands
94%
Mauritania
94%
Monrovia
94%
Nebraska
94%
Netherlands
94%
Papua New Guinea
94%
Poland
94%
Port Moresby
94%
Port-of-Spain
94%
Singapore
94%
Somalia
94%
South Dakota
94%
Sri J. Kotte
94%
Thailand
94%
Tunisia
94%
Turkmenistan
94%
Astana
93%
Canberra
93%
Charleston
93%
Colombia
93%
Denmark
93%
Equatorial Guinea
93%
France
93%
Liberia
93%
Madagascar
93%
Montenegro
93%
Nigeria
93%
Panama City
93%
Paramaribo
93%
Romania
93%
San Marino
93%
Saudi Arabia
93%
Trinidad and Tobago
93%
Vatican City
93%
Yamoussoukro
93%
Afghanistan
92%
D. R. Congo
92%
Germany
92%
Libreville
92%
Maryland
92%
Missouri
92%
Panama
92%
Paraguay
92%
Portugal
92%
Santo Domingo
92%
Spain
92%
Tirana
92%
Bandar Seri Begawan
91%
Columbia
91%
Estonia
91%
Mali
91%
Pakistan
91%
Rhode Island
91%
Slovenia
91%
Swaziland
91%
Tajikistan
91%
Uzbekistan
91%
Washington
91%
Bosnia and
Herzegovina
90%
Bucharest
90%
Federated States of
Micronesia
90%
Iran
90%
Kampala
90%
Kathmandu
90%
Kazakhstan
90%
Kyrgyzstan
90%
Manama
90%
Monaco
90%
Montgomery
90%
Montpelier
90%
Nicaragua
90%
Niger
90%
Oman
90%
Palau
90%
Port Louis
90%
Porto-Novo
90%
Sana'a
90%
San Salvador
90%
Sweden
90%
Switzerland
90%
Tunis
90%
Vermont
90%
Alabama
89%
Albania
89%
Antigua and Barbuda
89%
Austin
89%
Belmopan
89%
Bhutan
89%
Brussels
89%
Bulgaria
89%
Finland
89%
Frankfort
89%
Guinea-Bissau
89%
Iceland
89%
Lincoln
89%
Managua
89%
Montevideo
89%
New Delhi
89%
New Hampshire
89%
Paris
89%
Port-au-Prince
89%
Rep. of the Congo
89%
Richmond
89%
Saint George's
89%
Tanzania
89%
Turkey
89%
United States
89%
Vietnam
89%
West Virginia
89%
Alaska
88%
Bangui
88%
Denver
88%
Iraq
88%
Italy
88%
Libya
88%
Morocco
88%
New Jersey
88%
New York
88%
Pennsylvania
88%
Port-Vila
88%
Providence
88%
Sudan
88%
Suriname
88%
Ukraine
88%
Bangladesh
87%
Comoros
87%
Costa Rica
87%
Ethiopia
87%
Honiara
87%
Kuala Lumpur
87%
Maldives
87%
Male
87%
Malta
87%
Moroni
87%
Namibia
87%
Ngerulmud
87%
Windhoek
87%
Burkina Faso
86%
East Timor
86%
Japan
86%
Lithuania
86%
Louisiana
86%
Madrid
86%
Oklahoma City
86%
Sacramento
86%
Uganda
86%
Bangkok
85%
Cambodia
85%
Dominica
85%
Florida
85%
Ghana
85%
Madison
85%
São Tomé and Príncipe
85%
Zambia
85%
Colorado
84%
El Salvador
84%
Georgia
84%
Maseru
84%
Santiago
84%
Uruguay
84%
Venezuela
84%
Wisconsin
84%
Andorra
83%
Argentina
83%
California
83%
Chad
83%
Kingston
83%
Minnesota
83%
Virginia
83%
Angola
82%
Armenia
82%
Buenos Aires
82%
Nevada
82%
Oklahoma
82%
Rwanda
82%
Tashkent
82%
Georgetown
81%
Grenada
81%
Havana
81%
Kentucky
81%
N'Djamena
81%
Wyoming
81%
Boston
80%
Botswana
80%
Columbus
80%
Idaho
80%
Illinois
80%
Nepal
80%
Santa Fe
80%
Sri Lanka
80%
Kenya
79%
Ljubljana
79%
Macedonia
79%
Maine
79%
Wellington
79%
Asmara
78%
Bismarck
78%
Bolivia
78%
Cameroon
78%
Luanda
78%
Myanmar
78%
Naypyidaw
78%
Pretoria
78%
Pyongyang
78%
Guinea
77%
Guyana
77%
Kingstown
77%
Mbabane
77%
Victoria
77%
Cyprus
76%
Greece
76%
Mozambique
76%
Nicosia
76%
Oregon
76%
Pristina
76%
Serbia
76%
Algiers
75%
Lansing
75%
Manila
75%
San Jose
75%
Slovakia
75%
Vientiane
75%
Albany
74%
Annapolis
74%
Bahamas
74%
Helsinki
74%
Minsk
74%
Nashville
74%
Niamey
74%
Oslo
74%
Peru
74%
Yemen
74%
Amman
73%
Berlin
73%
Caracas
73%
Latvia
73%
Palikir
73%
Tallinn
73%
Zagreb
73%
Arizona
72%
Ashgabat
72%
London
72%
Syria
72%
Belgium
71%
Belgrade
71%
Belize
71%
Conakry
71%
Ecuador
71%
Harrisburg
71%
Lisbon
71%
Philippines
71%
Saint John's
71%
Saint Lucia
71%
Saint Paul
71%
Seychelles
71%
Arkansas
70%
Baton Rouge
70%
Beijing
70%
Dodoma
70%
Honduras
70%
Jamaica
70%
Tennessee
70%
Atlanta
69%
Carson City
69%
Concord
69%
Connecticut
69%
Delaware
69%
Gambia
69%
Bissau
68%
Burundi
68%
Damascus
68%
Gabon
68%
Juba
68%
Nassau
68%
Taiwan
68%
Tbilisi
68%
Tripoli
68%
Bahrain
67%
Cape Town
67%
Dublin
66%
Eritrea
66%
Kigali
66%
Liechtenstein
66%
Trenton
66%
Cape Verde
65%
Kiribati
65%
Mississippi
65%
Rabat
65%
Utah
65%
Vienna
65%
Copenhagen
64%
Cuba
64%
Des Moines
64%
Honolulu
64%
Kansas
64%
Lilongwe
64%
Ankara
63%
Castries
63%
Cairo
62%
Côte d'Ivoire
62%
Czech Republic
62%
Nairobi
62%
Tonga
62%
Helena
61%
Lebanon
61%
Senegal
61%
Bogota
60%
Gaborone
60%
Harare
60%
Massachusetts
60%
Stockholm
60%
Taipei
60%
Banjul
59%
Bern
59%
Tarawa
59%
Tegucigalpa
59%
Abu Dhabi
58%
Hartford
58%
Kuwait City
58%
Addis Ababa
57%
Budapest
57%
Bujumbura
57%
Amsterdam
56%
Croatia
56%
Islamabad
56%
Kabul
56%
Luxembourg
56%
Salt Lake City
56%
Tallahassee
56%
Zimbabwe
56%
Augusta
54%
Jordan
54%
Sucre
54%
Apia
53%
Athens
53%
Dakar
53%
Mauritius
53%
Nauru
53%
Olympia
53%
Praia
53%
Sierra Leone
53%
Azerbaijan
52%
Khartoum
52%
Togo
52%
Tuvalu
52%
Little Rock
51%
Prague
51%
Salem
51%
Djibouti
50%
Hungary
50%
Phoenix
50%
Yerevan
50%
Ottawa
49%
Springfield
49%
Brunei
48%
Jakarta
48%
Ohio
48%
Vanuatu
48%
Bridgetown
47%
Hanoi
47%
Ulaanbaatar
47%
Valletta
47%
Abuja
46%
Barbados
46%
Beirut
46%
Jefferson City
46%
Kinshasa
46%
Kuwait
46%
Phnom Penh
46%
Reykjavik
46%
Tehran
46%
Benin
45%
Dushanbe
45%
Bishkek
44%
Dhaka
44%
Moscow
44%
Rome
44%
Vilnius
44%
Warsaw
44%
Freetown
43%
Nouakchott
43%
Sao Tome
43%
Bamako
42%
Juneau
42%
La Paz
42%
Qatar
42%
Lusaka
41%
Sarajevo
41%
Moldova
40%
Ouagadougou
40%
Dover
39%
Podgorica
39%
Riga
39%
Baghdad
38%
Basseterre
37%
Haiti
37%
Cheyenne
35%
Hawaii
35%
Mogadishu
35%
Baku
34%
Doha
34%
Egypt
34%
Iowa
34%
Israel
34%
Kiev
34%
Laos
34%
Lima
34%
Majuro
34%
Quito
34%
Riyadh
34%
Seoul
34%
Skopje
34%
Texas
34%
Tokyo
34%
Vaduz
34%
Dili
33%
Fiji
33%
Pierre
33%
Lome
32%
Roseau
32%
Boise
31%
Raleigh
31%
Thimphu
31%
Jackson
30%
Kosovo
28%
Lesotho
28%
Sofia
28%
Bloemfontein
27%
Accra
26%
Suva
25%
Yaren
25%
Muscat
24%
Asuncion
22%
Topeka
22%
Samoa
21%
Funafuti
20%
Maputo
20%
Yaounde
20%
Nuku'alofa
19%

Score Distribution

Percentile by Number Answered

Percent of People with Each Score

Your Score History

You have not taken this quiz